| 000 | 00433nam a2200181Ia 4500 | ||
|---|---|---|---|
| 003 | GCL | ||
| 008 | 140319s9999 xx 000 0 eng d | ||
| 040 |
_aGCL / _cGCL |
||
| 082 | 0 | 4 |
_a537 _bN E |
| 100 | 1 | _aNELKON, M | |
| 245 | 1 | 0 |
_aELECTRICITY AND MAGNETISM / _cNELKON, M |
| 260 |
_a[S.N] : _bEDWARD ARNOLD ، _c1956 |
||
| 300 | _a431 P | ||
| 650 | 0 | 4 | _aPHYSICS |
| 650 | 0 | 4 | _aMAGNETISM |
| 650 | 0 | 4 | _aELECTRICITY |
| 942 |
_2ddc _cBK |
||
| 999 |
_c14388 _d14388 |
||